LEADER 01030cam0 2200325 450 001 000000413 005 20090224094824.0 100 $a20000118d1968----km-y0itay50------ba 101 0 $aita 102 $aIT 105 $ay-------001yy 200 1 $aElementi di economia politica$fdi Claudio Napoleoni 205 $a2. ed. 210 $aFirenze$cLa Nuova Italia$d1968 215 $aVI, 433 p.$d22 cm 225 2 $aCorso di scienza economica 410 0$12001$aCorso di scienza economica 451 0$1001000023467 500 10$aElementi di economia politica$946241 610 1 $aEconomia politica$aManuali 676 $a330$v18$9Economia 676 $a330.1$v19$9Scienze economiche. Sistemi e teorie 700 1$aNapoleoni,$bClaudio$016392 801 0$aIT$bUNIPARTHENOPE$gRICA$2UNIMARC 912 $a000000413 951 $a330-E/1$cNAVA1$d20000118 951 $a330-E/17$b82. O.U.$cNAVA1$d20000118 951 $a330-E/3$b53 O.U.$cNAVA1$d20000118 996 $aElementi di economia politica$946241 997 $aUNIPARTHENOPE LEADER 01159nam0 2200301 450 001 000023905 005 20090611161047.0 100 $a20081216d1919----km-y0itaa50------ba 101 1 $aita 102 $aIT 200 1 $aIn memoriam$fAlfredo Tennyson$gversione interlineare dall'inglese con prefazione e note di Umberto Norsa 210 $aLanciano$c<> Carabba$dpref. 1919 215 $a143 p.$d20 cm 225 2 $aCultura dell'anima$v75 300 $aIn cop. e in testa al front. firma autografa: Sergio de Pilato, dicembre '920 410 0$12001$aCultura dell'anima$v75 676 $a821.8$v(21. ed.)$9Poesia inglese. Periodo vittoriano, 1837-1899 700 1$aTennyson,$bAlfred$f<1809-1892>$0168091 702 1$aNorsa,$bUmberto 801 0$aIT$bUniversità della Basilicata - B.I.A.$gRICA$2unimarc 912 $a000023905 996 $aIn memoriam$919113 997 $aUNIBAS BAS $aLETTERE CAT $aSTD069$b01$c20081216$lBAS01$h1200 CAT $aTTM$b30$c20090611$lBAS01$h1610 FMT Z30 -1$lBAS01$LBAS01$mBOOK$1BASA1$APolo Storico-Umanistico$2FDEP2$BFondo De Pilato Biscione$3FD/108452$6108452$5L108452$820090701$f52$FRari